Normal view
MARC view
Entry Personal Name
001 - CONTROL NUMBER
- control field: 11052
003 - CONTROL NUMBER IDENTIFIER
- control field: OSt
005 - DATE AND TIME OF LATEST TRANSACTION
- control field: 20150915124836.0
008 - FIXED-LENGTH DATA ELEMENTS
- fixed length control field: 150915|| aca||aabn | a|a d
040 ## - CATALOGING SOURCE
- Original cataloging agency: OSt
- Transcribing agency: OSt
100 ## - HEADING--PERSONAL NAME
- Personal name: Murty, A S Anand
670 ## - SOURCE DATA FOUND
- Source citation: Work cat.: (OSt)42506: Murty, A S Anand, Short Stories of Katherine Mansfield, 2007









